| 000 | 01936nam0a2200349 4500 | ||
|---|---|---|---|
| 001 | RU\NLR\BIBL_A\012567569 | ||
| 005 | 20210914132413.0 | ||
| 010 |
_a978-5-906306-30-2 _9300 |
||
| 021 |
_aRU _bКН-П-21-016751 _9КН-П-21-1321 |
||
| 035 | _a(NLR Aleph) 012567569 | ||
| 090 |
_a12480490 _c12480490 |
||
| 100 | _a20210721d2020 k y0rusy50 ca | ||
| 101 | 0 | _arus | |
| 102 | _aRU | ||
| 105 | _aa|||z|||000zy | ||
| 181 | 0 |
_ai _baxxe |
|
| 182 | 0 | _an | |
| 200 | 1 |
_aИжевск 2020: опыт социологического исследования символического пространства города _eмонография _e[по материалам форума] _fТатьяна Власова, Константин Обухов _g["Дерябинские ассамблеи", 2020, Ижевск], Администрация муниципального образования "Город Ижевск" [и др.] |
|
| 203 |
_aТекст _bвизуальный _cнепосредственный |
||
| 210 |
_aИжевск _cМонпоражён _d2020 |
||
| 215 |
_a124 с. _cил. _d21 |
||
| 320 | _aБиблиогр.: с. 108-111 (43 назв.) | ||
| 607 |
_aИжевск, город (Удмуртия) _xСоциологические исследования _92055232 _3RU\NLR\AUTH\661232472 |
||
| 686 | 1 | _aС550.661 | |
| 700 | 1 |
_7ca _8rus _aВласова _bТ. А. _cканд. филос. наук _gТатьяна Анатольевна _9227579 _3RU\NLR\AUTH\770227635 |
|
| 701 | 1 |
_aОбухов _bК. Н. _gКонстантин Николаевич |
|
| 711 | 1 | 2 |
_a"Дерябинские ассамблеи", межрегиональный форум исторических городов-заводов Урала и Поволжья _eИжевск _f2020 _9758235 _3RU\NLR\AUTH\880546640 |
| 942 | _cBOOK | ||
| 980 | _aNB | ||